|
|
|
|
| LEADER |
00600 a2200145 4500 |
| 008 |
100208b ||||| |||| 00| 0 eng d |
| 082 |
|
|
|a 333.7
|
| 100 |
|
|
|a Dikshit, K. R.
|
| 245 |
|
|
|a Environment, forest ecology and man in the Western ghats :
|b the case of Mahabaleswar Plateau /
|c K R Dikshit
|
| 260 |
|
|
|b Rawat publications,
|a Jaipur:
|c 1991.
|
| 650 |
|
|
|a Nature--Effect of human beings on
|
| 650 |
|
|
|a Forest ecology
|
| 942 |
|
|
|c BK
|
| 999 |
|
|
|c 315746
|d 315746
|
| 952 |
|
|
|0 0
|1 0
|2 ddc
|4 0
|6 333_700000000000000_DIK_E
|7 0
|9 361847
|a ECN
|b ECN
|c GEN
|d 2010-09-07
|g 0.00
|i 6256
|l 0
|o 333.7 DIK/E
|p ECN6256
|r 2010-09-07
|w 2010-09-07
|y BK
|